LIBRARY & INFORMATION CENTRE, KCAET, TAVANUR

ONLINE PUBLIC ACCESS CATALOGUE (OPAC)

Adventures of Hajji Baba of Ispahan / (Record no. 2639)

MARC details
000 -LEADER
fixed length control field 00388cam a2200145ua 4500
041 ## - LANGUAGE CODE
Language code of text/sound track or separate title eng
082 ## - DEWEY DECIMAL CLASSIFICATION NUMBER
Classification number 823.308
Item number MOR/AD
100 ## - MAIN ENTRY--AUTHOR NAME
Personal name Morier, James .
245 ## - TITLE STATEMENT
Title Adventures of Hajji Baba of Ispahan /
260 ## - PUBLICATION, DISTRIBUTION, ETC. (IMPRINT)
Place of publication New Delhi :
Name of publisher Oxford & IBH Publishing company ,
Year of publication 1969.
300 ## - PHYSICAL DESCRIPTION
Number of Pages 424 ; .
942 ## - ADDED ENTRY ELEMENTS (KOHA)
Koha item type Books
Holdings
Withdrawn status Lost status Damaged status Home library Current library Date acquired Full call number Accession Number Koha item type
Withdrawn     KAUAET KAUAET 07/04/2012 823.308 6446 Books
free website counter